Penglibatan masyarakat tani dalam pembangunan komuniti

Bibliographic Details
Main Author: Haris Abd. Wahab (Author)
Format: Book
Published: Kuala Lumpur : Penerbit Universiti Malaya , c2007
Subjects:

MARC

LEADER 00000cam a2200000 7i4500
001 0000058310
005 20090317093000.0
008 080807s2007 my may
020 |a 9789831004197 (pbk.) 
090 0 0 |a HD1537.M27   |b H37 2007 
100 0 |a Haris Abd. Wahab ,   |e author 
245 1 0 |a Penglibatan masyarakat tani dalam pembangunan komuniti   |c Haris Abd. Wahab 
260 |a Kuala Lumpur :   |b Penerbit Universiti Malaya ,   |c c2007 
300 |a xii, 157 p. :   |b ill. ;   |c 23 cm. 
504 |a Includes bibliographical references (p. 143-151) and index 
505 0 |a 1. Pendahuluan -- 2. Pembangunan komuniti dan penglibatan -- 3. Profil kawasan, program dan masyarakat -- 4. Pengetahuan dan tanggapan terhadap program-program pembangunan komuniti -- 5. Penglibatan dalam program pembangunan komuniti -- 6. Perbezaan penglibatan masyarakat berdasarkan beberapa angkubah -- 7. Ringkasan dan kesimpulan 
650 0 |a Community development   |z Malaysia 
650 0 |a Peasantry   |z Malaysia 
650 0 |a Rural development   |z Malaysia 
999 |a 1000119870   |b Book   |c OPEN SHELF (30 DAYS)   |e Gong Badak Campus 
999 |a 1000119871   |b Book   |c OPEN SHELF (30 DAYS)   |e Gong Badak Campus